[Event "Heusenstamm Sparkassen op-A 3rd"]
[Site "Heusenstamm"]
[Date "2016.11.24"]
[Round "1"]
[White "Budde, Michael"]
[Black "Barski, Radoslaw"]
[Result "0-1"]
[WhiteElo "1954"]
[BlackElo "2387"]
[PlyCount "82"]
[EventDate "2016.11.24"]
[EventType "swiss"]
[EventRounds "7"]
[EventCountry "GER"]
[SourceTitle "EXT 2018"]
[Source "ChessBase"]
[SourceDate "2017.10.13"]
[SourceVersion "1"]
[SourceVersionDate "2017.10.13"]
[SourceQuality "1"]

1. d4 Nf6 2. Bg5 c5 3. d5 Ne4 4. Bf4 e6 5. f3 Nf6 6. c4 exd5 7. cxd5 d6 8. e4 g6 9. Ne2 Bg7 10. Nec3 0-0 11. Be2 Nh5 12. Be3 f5 13. 0-0 f4 14. Bf2 Nd7 15. Nd2 Ne5 16. Nc4 Qg5 17. Kh1 Nxc4 18. Bxc4 Ng3+ 19. hxg3 fxg3 20. Bxg3 Qxg3 21. Qe1 Qg5 22. Ne2 Bxb2 23. Rb1 Be5 24. Rb3 Qh5+ 25. Kg1 g5 26. Kf2 b6 27. Rh1 Qg6 28. Ke3 Bd7 29. Bb5 Bxb5 30. Rxb5 Rab8 31. Qb1 Rbe8 32. a4 g4 33. Rf1 Bg7 34. a5 Qg5+ 35. f4 Qxd5 36. Rd1 Qc6 37. axb6 Rxe4+ 38. Qxe4 Re8 39. Qxe8+ Qxe8+ 40. Kd2 Qxb5 41. bxa7 Qa5+ 0-1

[Event "Frankfurt-chA"]
[Site "Frankfurt"]
[Date "2016.05.09"]
[Round "3"]
[White "Diehl, Stefan"]
[Black "Budde, Michael"]
[Result "0-1"]
[WhiteElo "1699"]
[BlackElo "1934"]
[PlyCount "50"]
[EventDate "2016.04.25"]
[EventType "swiss"]
[EventRounds "9"]
[EventCountry "GER"]
[SourceTitle "EXT 2018"]
[Source "ChessBase"]
[SourceDate "2017.10.13"]
[SourceVersion "1"]
[SourceVersionDate "2017.10.13"]
[SourceQuality "1"]

1. f4 e5 2. fxe5 d6 3. Nf3 g5 4. d4 g4 5. Ng5 h6 6. Ne4 Bf5 7. Ng3 Bg6 8. Bf4 Nc6 9. exd6 Bxd6 10. Bxd6 Qxd6 11. c3 f5 12. Nd2 f4 13. Nge4 Qe7 14. Nf2 Nf6 15. Qb3 0-0-0 16. 0-0-0 Bf7 17. Qc2 Nd5 18. Qe4 Qg5 19. h4 gxh3 20. Nf3 Qg7 21. gxh3 Rhe8 22. Qf5+ Be6 23. Qh5 Ne3 24. Rg1 Qh7 25. Ng5 Qc2# 0-1

[Event "Hessen-ch op-A"]
[Site "Floersheim"]
[Date "2016.05.07"]
[Round "5"]
[White "Budde, Michael"]
[Black "Schmidt, Max"]
[Result "0-1"]
[WhiteElo "1995"]
[BlackElo "1879"]
[PlyCount "114"]
[EventDate "2016.05.05"]
[EventType "swiss"]
[EventRounds "7"]
[EventCountry "GER"]
[SourceTitle "EXT 2022"]
[Source "ChessBase"]
[SourceDate "2021.10.06"]
[SourceVersion "1"]
[SourceVersionDate "2021.10.06"]
[SourceQuality "1"]

1. d4 Nf6 2. Bf4 e6 3. e3 b6 4. Nd2 Bb7 5. h3 c5 6. c3 Be7 7. Ngf3 0-0 8. Bd3 cxd4 9. exd4 d6 10. Qc2 Nbd7 11. 0-0 a6 12. a4 h6 13. Rfe1 Rc8 14. Rad1 Nd5 15. Bh2 N7f6 16. Qb1 Qd7 17. a5 bxa5 18. Qa2 a4 19. Ra1 Nb6 20. Rec1 Nfd5 21. Nc4 Nxc4 22. Bxc4 Nb6 23. Be2 Ra8 24. Qb1 Rfc8 25. Qd3 a5 26. Bd1 Ba6 27. Qe4 Bb5 28. Bc2 Bf6 29. Qh7+ Kf8 30. Re1 Nc4 31. d5 Nxb2 32. dxe6 fxe6 33. Rxe6 Nc4 34. Bf5 Qf7 35. Rd1 Rd8 36. Rde1 Qg8 37. Qg6 Qf7 38. Qg4 Bd7 39. Bxd6+ Nxd6 40. Rxd6 Bxf5 41. Rxd8+ Bxd8 42. Qxa4 Qd7 43. Qa2 Bf6 44. c4 a4 45. c5 Bg6 46. Qa3 Kg8 47. Rc1 Qd3 48. Qb4 Qb3 49. Qg4 Bf7 50. c6 Be6 51. Qf4 a3 52. Nd4 Bxd4 53. Qxd4 Qd5 54. Qc3 a2 55. c7 Qc4 56. Qxc4 Bxc4 57. Ra1 Rc8 0-1

[Event "Heusenstamm Sparkassen op-A 2nd"]
[Site "Heusenstamm"]
[Date "2015.11.28"]
[Round "4"]
[White "Budde, Michael"]
[Black "Schmidt, Markus"]
[Result "1-0"]
[WhiteElo "1903"]
[BlackElo "2118"]
[PlyCount "119"]
[EventDate "2015.11.26"]
[EventType "swiss"]
[EventRounds "7"]
[EventCountry "GER"]
[SourceTitle "EXT 2018"]
[Source "ChessBase"]
[SourceDate "2017.10.13"]
[SourceVersion "1"]
[SourceVersionDate "2017.10.13"]
[SourceQuality "1"]

1. d4 Nf6 2. Bf4 g6 3. e3 Bg7 4. Nf3 0-0 5. Be2 d6 6. 0-0 c5 7. c3 b6 8. Nbd2 Bb7 9. Re1 Nh5 10. Bg5 h6 11. Bh4 g5 12. Bg3 Nd7 13. Qb3 Nxg3 14. hxg3 e6 15. a4 a6 16. Rad1 Qc7 17. Nh2 Rac8 18. Bf3 d5 19. Rc1 Qd6 20. Qa3 e5 21. Nc4 Qc7 22. Nxe5 Nxe5 23. dxe5 Bxe5 24. e4 d4 25. cxd4 Bxd4 26. Ng4 Bg7 27. e5 Rfe8 28. Bxb7 Qxb7 29. Rcd1 Rc6 30. Qf3 Qc8 31. Rd5 Rce6 32. Red1 h5 33. Rd7 R6e7 34. Rxe7 Rxe7 35. Nf6+ Bxf6 36. Qxf6 Qe8 37. Qxg5+ Kf8 38. Qf6 Rd7 39. Qh8+ Ke7 40. Qf6+ Kf8 41. Rxd7 Qxd7 42. Qxb6 Qxa4 43. Qxc5+ Kg8 44. Qc8+ Kg7 45. Qc3 Kg8 46. b3 Qa3 47. Qe3 Qe7 48. Qd4 a5 49. f4 Qe6 50. Qd8+ Kh7 51. Qxa5 Qxb3 52. Kh2 Qe6 53. Qd8 Qg4 54. Qf6 Kg8 55. Qg5+ Kh7 56. Qxg4 hxg4 57. Kg1 Kg6 58. Kf2 f5 59. exf6 Kxf6 60. Ke3 1-0

[Event "Heusenstamm Sparkassen op-A 2nd"]
[Site "Heusenstamm"]
[Date "2015.11.28"]
[Round "5"]
[White "Rolf, Marco"]
[Black "Budde, Michael"]
[Result "0-1"]
[WhiteElo "2023"]
[BlackElo "1903"]
[PlyCount "120"]
[EventDate "2015.11.26"]
[EventType "swiss"]
[EventRounds "7"]
[EventCountry "GER"]
[SourceTitle "EXT 2018"]
[Source "ChessBase"]
[SourceDate "2017.10.13"]
[SourceVersion "1"]
[SourceVersionDate "2017.10.13"]
[SourceQuality "1"]

1. d4 Nf6 2. c4 c5 3. d5 b5 4. cxb5 a6 5. b6 g6 6. a4 Qxb6 7. Nc3 Bg7 8. a5 Qc7 9. e4 d6 10. Bc4 0-0 11. h3 e6 12. dxe6 Bxe6 13. Bxe6 fxe6 14. Nf3 Nc6 15. Qb3 Rfe8 16. Qb6 Qxb6 17. axb6 Reb8 18. e5 dxe5 19. Na4 Nd4 20. 0-0 Nxf3+ 21. gxf3 Nd5 22. Bd2 Nxb6 23. Nxc5 Nc4 24. Bc3 Nxb2 25. Nxe6 Rb3 26. Bxb2 Rxb2 27. Rfe1 Bf6 28. f4 exf4 29. Nc7 Rc8 30. Rxa6 Bh4 31. Nd5 Bxf2+ 32. Kf1 Bxe1 33. Ne7+ Kg7 34. Nxc8 Bb4 35. Nb6 g5 36. Nd5 Bc5 37. Rc6 Bd4 38. Rc4 Bf2 39. Nc3 Be3 40. Nd1 Rh2 41. Nxe3 fxe3 42. Rg4 Kf6 43. Rg3 e2+ 44. Ke1 Kf5 45. Rf3+ Ke4 46. Rg3 Kf4 47. Ra3 h5 48. Rb3 g4 49. hxg4 hxg4 50. Rb4+ Kg3 51. Rb3+ Kh4 52. Rb4 Kh3 53. Rb3+ g3 54. Re3 Kg4 55. Re4+ Kf3 56. Re3+ Kf4 57. Rxe2 Rxe2+ 58. Kxe2 Kg4 59. Kf1 Kh3 60. Kg1 g2 0-1

[Event "Hofheim Spring op-B 2nd"]
[Site "Hofheim"]
[Date "2014.04.25"]
[Round "6"]
[White "Roht, Albert"]
[Black "Budde, Michael"]
[Result "0-1"]
[WhiteElo "1734"]
[BlackElo "1872"]
[PlyCount "78"]
[EventDate "2014.04.22"]
[EventType "swiss"]
[EventRounds "9"]
[EventCountry "GER"]
[SourceTitle "CBM 160 Extra"]
[Source "ChessBase"]
[SourceDate "2014.07.01"]
[SourceVersion "1"]
[SourceVersionDate "2014.07.01"]
[SourceQuality "1"]

1. c4 Nf6 2. Nf3 e6 3. d4 c5 4. d5 exd5 5. cxd5 d6 6. e3 g6 7. Bd3 Bg7 8. 0-0 0-0 9. Nc3 a6 10. a4 Ng4 11. h3 Nh6 12. Ne1 Nd7 13. f4 f5 14. Nf3 Nf6 15. Nd2 Re8 16. Nc4 Nf7 17. Ra2 b6 18. b3 Bb7 19. Bb1 Rb8 20. Na3 Re7 21. Re2 Nh5 22. Rc2 Qe8 23. g4 fxg4 24. hxg4 Ng3 25. Rf3 Bxc3 26. Rxg3 Bh8 27. Rh2 Nd8 28. Nc4 b5 29. axb5 axb5 30. Nxd6 Qd7 31. Nxb7 Nxb7 32. Rgh3 Qe8 33. Rh6 Rg7 34. Kf2 Nd6 35. Bb2 Re7 36. Bxh8 Rxe3 37. Be5 Rxe5 38. fxe5 Qxe5 39. Rxh7 Rf8+ 0-1